Score 0/16 Timer 03:00
1 Play Today
Television Show Answer % Correct
How I Met Your ______Mother
98.2%
Law and _____Order
97.4%
___ and the CitySex
96.6%
____ & GraceWill
92.1%
____ BettyUgly
88.9%
Mad About ___You
86.2%
__ Rock30
84.2%
The ___ CoupleOdd
82.6%
Television Show Answer % Correct
The King of ______Queens
78.6%
Without a _____Trace
77.3%
Welcome Back, ______Kotter
54.5%
_____ CourtNight
53.5%
Just _____ MeShoot
53%
____ BlueNYPD
48.9%
Car __, Where Are You?54
44.8%
Common Bond:They're all located in New York City
19.5%

Today's Daily Dose

Remove Ads.
Support Sporcle.
Get the best of Sporcle when you Go Orange. This ad-free experience offers more features, more stats, and more fun while also helping to support Sporcle. Thank you for becoming a member.

You're not logged in!

Compare scores with friends on all Sporcle quizzes.
OR
Log In

Show Comments

Extras

Top Quizzes Today


Score Distribution

Your Account Isn't Verified!

In order to create a playlist on Sporcle, you need to verify the email address you used during registration. Go to your Sporcle Settings to finish the process.

Report this User

Report this user for behavior that violates our Community Guidelines.

Details: